000 00426cam a2200169ua 4500
003 OSt
008 220305b ||||| |||| 00| 0 eng d
020 _a81-203-0811-5
041 _aeng
082 _a519.062
_bSAS/EN
100 _aSastry, S S.
_95192
245 _aEngineering mathematics, Vol 1/
250 _a2 /
260 _aNew Delhi :
_bPrentice Hall of India Pvt Ltd. ,
_c1994.
300 _a658 ; .
942 _cBK
999 _c17508
_d17508